000
00325nam a2200157Ia 4500
100
_a
Brown / Steve
250
_a
1
942
_c
BK
654
_a
Computer
245
_a
Visuals Basics 6 in Record Time
260
_b
B.P.B Pub
_c
1998
082
_a
005.133'VB'
_b
BRO
300
_a
659
546
_a
ENGLISH
999
_c
26256
_d
26256